| 000 | 00552nam a2200181 a 4500 | ||
|---|---|---|---|
| 005 | 20140310183349.0 | ||
| 008 | 070605s19uu xx 00 eng d | ||
| 020 | _a0814408478 | ||
| 050 |
_aHD 57.7 _b.C4756 2006 |
||
| 100 | _aCharney, Cy | ||
| 245 |
_aThe Leader's tool kit : _bhundred of tips and techniques for developing the skills you need / _cCy Charney |
||
| 260 |
_aNew York : _bAmerican Management Association, _c2006. |
||
| 300 |
_a240 p. : _c21 cm. |
||
| 521 | _aBSBA | ||
| 650 | _aLeadership. | ||
| 942 |
_cBK _2lcc _kFOR |
||
| 999 |
_c22016 _d22016 |
||